00792nam a22002295a 450000500170000000800410001701000140005802000260007203500130009803700130011104000080012408200150013210000190014724500740016625000060024026000380024627000610028430000260034594200290037199900170040095201450041720080522115808.0080520s2008 nyu 000 0 eng  aENG-95824 a9788174533418c700.00 aEN-79357 bDBAD/PUB aDPL a780.711954 aSharma, Lovely aAcademic centres for the promotion of Indian music/cby Lovely Sharma a. aNew DelhibSanjay Prakashanc2009 a4378/4 D, 209 JMD Housea, Ansari RoadbNew Delhie110002 axi, 334p.c22cm, (Hb) 2ddccENmSHAh780.711954 c33599d33599 00102ddc40718NFICaDBADbDBADd2010-01-11eDBAD/PUBg700.00l0o780.711954 SHApEN-79357r2010-01-11 00:00:00t1v700.00w2010-01-11yEN